LEADER 01132nam a2200277 i 4500 001 000000145310 003 CaOOAMICUS 005 20051122000000.0 008 051122s1996 it u000 u ita u 013 $a120702 020 $a88-07-81029-8 040 $aSeMil$bita 100 1 $aDe Micheli, Mario.$0(OLS)http://semarc/name/15482 245 13$aLe avanguardie artistiche del Novecento /$cMario De Micheli. 250 $a29. Ed. 260 $aMilano :$bFeltrinelli,$c1996. 300 $a426 p., [16] p. di tav. ;$c20 cm. 490 0 $aUniversale economica Feltrinelli ;$v1029 650 4$aAvanguardie artistiche - Europa - Sec. 20.$0(OLS)http://semarc/subject/28438 830 0$aUniversale economica ;$v1029.$0(OLS)http://semarc/title/11224 850 $aSeMil 852 $aSeMil$W1$xVenegono$y1$m5P I 93$j98115$B98115$CSeMilBibl$Z2$F106014 $81 961 $aOmaggio: Gogna prof.ssa Silvia 996 $6020$a88-07-81029-8$9(OLS)http://semarc/number/133762 996 $6245$aLe avanguardie artistiche del Novecento$9(OLS)http://semarc/title/212537 996 $6260$aMilano :$bFeltrinelli$9(OLS)http://semarc/publisher/30237 LEADER 01179nam a2200253 4500 001 000000354296 003 CaOOAMICUS 005 20230620092429.0 008 230619s1983 xxk 000 u eng r 020 $a0-8028-1979-6 040 $aSeMil$bita 100 1 $aWainwright, Geoffrey,$d<1939-2020>.$0(OLS)http://semarc/name/48333 245 14$aThe ecumenical moment :$bcrisis and opportunity for the church /$cby Geoffrey Wainwright. 264 1$aGrand Rapids, Michigan :$bWilliam B. Eerdmans Publishing Company,$c1983. 300 $aVII, 263 p. ;$c21 cm 650 4$aEcumenismo.$0(OLS)http://semarc/subject/3071 650 4$aMovimento ecumenico.$0(OLS)http://semarc/subject/9007 850 $aSeMil 852 $aSeMil$W1$xVenegono$y1$m2K III 300$j242479$B245556$CSeMilBibl$Z2$F245556 $81 961 $aCaspani don Pierpaolo - Omaggio 996 $6020$a0-8028-1979-6$9(OLS)http://semarc/number/298375 996 $6245$aThe ecumenical moment :$bcrisis and opportunity for the church$9(OLS)http://semarc/title/444431 996 $6264$aGrand Rapids, Michigan :$bWilliam B. Eerdmans Publishing Company$9(OLS)http://semarc/publisher/61056